000 01079nam a2200241 i 4500
001 185400
003 ES-MaACL
005 20250905160828.0
008 160531s1946 sp cf |||| |bspa d
080 _a929 López Domínguez, José
100 1 _aAlcázar, Mariano del.
_9146666
245 1 0 _aLópez Domínguez /
_cpor Mariano del Alcázar.
260 _aMadrid :
_bPurcalla,
_c1946.
300 _a194 p., [6] h. de lám. ;
_c21 cm.
490 1 _aMedio siglo de historia.
_aLos presidentes del Consejo de la Monarquía, 1874-1931 ;
_v12
490 1 _aLos presidentes del Consejo de la Monarquía Española, 1874-1931
600 1 4 _aLópez Domínguez, José,
_d1829-1911
_973611
830 0 _aMedio siglo de historia.
_aLos presidentes del Consejo de la Monarquía, 1874-1931 ;
_v12
_9192289
830 0 _aLos presidentes del Consejo de la Monarquía Española, 1874-1931
_9192290
852 _aES-MaACL
_jE-4334
_z- enc. cart.
852 _aES-MaACL
_jL-31585
_z- enc. cart.
_z. - Donat. herederos de la bibl. de Mª del Pilar Costa Palacín
999 _c185400
_d185400